00419nam a2200121Ia 4500008004100000245007400041245002100115260000900136650001200145856004800157999001900205952007300224171211s9999 xx 000 0 und d 4aThe Public Prints: The Newspaper in Anglo-American Culture, 1665-1740 cCharles E. Clark c1994 xHistory uhttp://down.ebook777.com/063/0195082338.pdf c348843d348843 001040aCLbCLd2017-12-11l0r2017-12-11 00:00:00w2017-12-11yCBE